000 00658nam a2200265Ia 4500
003 OSt
005 20221006155748.0
006 a|||||r|||| 00| 0
007 ta
008 221006b |||||||| |||| 00| 0 kor d
020 _a9788970593074
_cW13000
024 _a43,426
037 _cTextual
040 _aEASL
_cEASL
_bkor
041 _2kor
_akor
082 _aU8.495, P6
100 _aLim Donghyun
_9670291
245 0 _aYeoheange Jeabalgyeon
260 _aPaju
_bAngurapix Korea
_c2006
300 _a304p.
_ccm.
490 _v KL
650 _aKL
942 _hU8.495, P6
_cTEXL
_2CC
999 _c1111512
_d1111512